000 00793nam a2200265Ia 4500
001 Para_6298
003 CHAP
008 220125s1979 xx 000 0 und d
010 _a203649
040 _cCHAP
082 _aPA 595.7 H8
100 _aHuerta Paniagua, Roberto Antonio
_956696
245 _aIntroducción a la entomología agrícola /
_c por Antonio Roberto Huerta Paniagua
260 _aChapingo, Méx. :
_b UACh. Departamento de Parasitología Agrícola
300 _a115 p.
650 _aEntomología
_937113
710 _aUACh. Departamento de Parasitología Agrícola
_9115877
901 _aPA 595.7 H8
902 _aA
905 _a0000001979 a 0000000000 00
910 _a1979
942 _cPARA
942 _cPARA
_d1
999 _c203649
_d203649